|
|
|
|
| LEADER |
000000sb a2200000 a 4500 |
| 005 |
20230308203952.0 |
| 008 |
999092| ||||||||r|||||||||||spa|| |
| 022 |
|
|
|a 0214-0985
|
| 040 |
|
|
|b spa
|
| 082 |
0 |
|
|a 617.605
|b 29797-10
|
| 100 |
1 |
|
|a Bach, George LelandDurker, Jurgen
|9 279959
|
| 245 |
|
|
|a El advanced Photo System (APS) ¿Una alternativa a la película fotográfica pequeña en la fotografía odontológica?
|c Georg Bach, Jurgen Durker
|h imp
|
| 264 |
|
|
|a Barcelona
|b Doyma
|c 1999
|
| 300 |
|
|
|a páginas: 691-695
|
| 300 |
|
|
|b ilus.
|
| 362 |
|
|
|a xii; 10
|
| 520 |
3 |
|
|a Con una moderna cámara reflex-APS y un macroobjetivo, se pueden realizar todas las fotografías del campo odontológico (fotografías extraorales y fotografías intraorales).
|
| 650 |
1 |
|
|a Fotografia
|9 5064
|
| 650 |
1 |
|
|a Fotografia odontológica
|9 279899
|
| 710 |
|
|
|a Quintessenz Verlags-GmbH
|
| 773 |
0 |
|
|0 29797
|9 29797
|a Bach, George LelandDurker, Jurgen Quintessenz Verlags-GmbH
|d Barcelona Doyma 1999
|o 29797
|w 29797
|x 0214-0985
|t Quintessence: Publicación Internacional de Odontología
|6 29797
|
| 852 |
|
|
|a UC-SALUD
|c HEMEROTECA
|f Compra
|k luis.contrerase
|l 1
|m General
|p 19990922
|q $ 73.10
|b 0
|d CDRS
|e CDRS
|g 617.605 29797-10 HEMEROTECA
|z 1999-90-92
|
| 942 |
|
|
|c SERA
|
| 999 |
|
|
|c 107425
|d 107425
|